Humanizar la gestión sanitaria. Personas para personas. Justicia, transparencia y respeto.

Zapisane w:
Opis bibliograficzny
1. autor: Cortés Borra, Albert (autor)
Format: Nieznany
Język:angielski
Wydane: Barcelona, España: Herder, 2021
Hasła przedmiotowe:
Etykiety: Dodaj etykietę
Nie ma etykietki, Dołącz pierwszą etykiete!

MARC

LEADER 00000 a2200000 4500
003 CL-VaPUC
005 20220324112049.0
008 220301b2021 ||||| |||| 00| 0 eng d
999 |c 434601  |d 434599 
020 |a 9788425442773 
040 |c Pontificia Universidad Católica de Valparaíso 
082 |a 362.1 COR 2021   |2 22 
100 1 |a Cortés Borra, Albert  |9 866702  |e autor 
245 1 |a Humanizar la gestión sanitaria.  |b Personas para personas. Justicia, transparencia y respeto. 
260 |a Barcelona, España:  |b Herder,  |c 2021 
300 |a 166 páginas 
583 |k Cristina María Rojas Aguilar  |c 20220301 
650 0 |a Servicios de salud  |x Atención al paciente  |9 326442 
650 0 |a Servicio de salud   |x Administración   |9 866934 
650 0 |a Servicios de salud  |x Humanización   |9 326442 
942 |2 ddc  |c BK 
952 |0 0  |1 0  |2 ddc  |4 0  |6 362_100000000000000_COR_2021  |7 0  |8 A  |9 581537  |a BIBCUR  |b BIBCUR  |c GEN  |d 2022-02-28  |e 3  |g 26670.00  |i 5648041  |l 1  |o 362.1 COR 2021  |p 5648041  |r 2025-04-22  |s 2022-05-11  |t 2  |v 26670.00  |w 2022-02-28  |y BK  |k KIN 
952 |0 0  |1 0  |2 ddc  |4 0  |6 362_100000000000000_COR_2021  |7 0  |8 A  |9 581538  |a BIBCUR  |b BIBCUR  |c GEN  |d 2022-02-28  |e 3  |g 26670.00  |i 5648033  |l 2  |o 362.1 COR 2021  |p 5648033  |r 2025-04-22  |s 2024-10-03  |t 1  |v 26670.00  |w 2022-02-28  |y BK  |k KIN